000 01040nam a2200277 a 4500
001 000026264
003 DO-SdBNP
005 20240306073904.0
008 110308s2006 dr r 000 0 spa d
020 _a9993479985
040 _aDO-SdBNP
_bspa
_cBNPHU
082 _a972.9304
_bG216e
100 1 _aGarcía Lluberes, Alcides
_938561
245 1 0 _aEnsayos sobre el 27 de febrero /
_cAlcides García Lluveres, Leonidas García Lluveres, Vetilio Alfau Durán.
250 _a3a ed.
260 _aSanto Domingo :
_bCPEP,
_c2006.
300 _a157 p. ;
_c22 cm.
500 _aIncluye referencias bibliográficas y notas al pie de las páginas
590 _aInventariado, 2019/BT
651 4 _aRepública Dominicana
_xHistoria
_y1844-1930
_vENSAYOS, CONFERENCIAS, ETC.
_918262
700 1 _aGarcía Lluveres, Leonidas
_953297
700 1 _aAlfau Durán, Vetilio,
_d1909-1985
_910091
710 1 _aRepública Dominicana
_bComisión Permanente de Efemérides Patria
_945309
910 _aValidado. control de calidad. MFF
942 _2ddc
_cLBS1
999 _c25756
_d25756